header

Theory and practice in late antique archaeology (Record no. 52150)

MARC details
000 -LEADER
fixed length control field 01438nam a2200373 a 4500
082 04 - DEWEY DECIMAL CLASSIFICATION NUMBER
Classification number 930.1
245 00 - TITLE STATEMENT
Title Theory and practice in late antique archaeology
260 ## - PUBLICATION, DISTRIBUTION, ETC. (IMPRINT)
Place of publication Leiden ;
-- Boston :
Name of publisher Brill,
Year of publication 2003.
300 ## - PHYSICAL DESCRIPTION
Number of Pages xvi, 428 p. :
Other physical details ill., maps.
490 1# - SERIES STATEMENT
Series statement Late antique archaeology,
650 #0 - SUBJECT ADDED ENTRY--TOPICAL TERM
Topical Term Social archaeology.
Topical Term Civilization, Medieval.
Topical Term Archaeology
Topical Term Archaeology
Topical Term Archaeology
Topical Term Excavations (Archaeology)
700 1# - ADDED ENTRY--PERSONAL NAME
Personal name Lavan, Luke.
Personal name Bowden, William.
856 40 - ELECTRONIC LOCATION AND ACCESS
Uniform Resource Identifier http://site.ebrary.com/lib/rucke/Doc?id=10090472

No items available.

© 2026 Rongo University
Contact us: librarian | system librarian | Rongo university